00769nam a2200229 4500001000700000003000900007005001700016007000300033008004100036020001800077100003000095245007700125250001300202260003900215300002100254490002100275700002600296830004300322852003300365999001900398952012200417149003ES-MaACL20231114062540.0t|070214s1986 sp r ||||1| spa d a84-322-0551-61 aSuskind, Patrick.910885413aEl contrabajo / cPatrick Suskind ; traducción de Pilar Giralt Gorina. a2ª. ed. aBarcelona : bSeix Barral, c1986. a92 p. ; c19 cm.1 aBiblioteca breve1 aGiralt, Pilar.9572010 aBiblioteca breve (Seix Barral)9227188 aES-MaACLjL-10721 bR.112640 c149003d149003 00104070aATENEOMbATENEOMcDEPO2d2008-01-17eSCl0oL-10721p1155488r2023-02-23 00:00:00w2023-02-23yMONOGRAFIA